[Event "EU-Cup 29th"]
[Site "Rhodes"]
[Date "2013.10.22"]
[Round "3.2"]
[White "Gerber, Richard"]
[Black "Winants, Luc"]
[Result "0-1"]
[WhiteElo "2390"]
[BlackElo "2534"]
[PlyCount "108"]
[EventDate "2013.10.20"]
[EventType "team-swiss"]
[EventRounds "7"]
[EventCountry "GRE"]
[SourceTitle "CBM 157"]
[Source "ChessBase"]
[SourceDate "2013.11.12"]
[SourceVersion "1"]
[SourceVersionDate "2013.11.12"]
[SourceQuality "1"]
[WhiteTeam "Geneve"]
[BlackTeam "Wirtzfeld"]
[WhiteTeamCountry "SUI"]
[BlackTeamCountry "BEL"]

1. d4 Nf6 2. Nf3 e6 3. c4 Bb4+ 4. Nbd2 d6 5. e3 c5 6. Be2 Nc6 7. 0-0 e5 8. dxc5 Bxc5 9. Nb3 Bb6 10. Qc2 0-0 11. Rd1 Qe7 12. Bd2 d5 13. cxd5 Nxd5 14. Qe4 Nf6 15. Qh4 e4 16. Nfd4 Ne5 17. Rac1 Bd7 18. Ba5 Rac8 19. a3 Bxa5 20. Nxa5 Rxc1 21. Rxc1 Rc8 22. Rxc8+ Bxc8 23. Qf4 g6 24. b4 Kg7 25. Nc4 Nxc4 26. Bxc4 a6 27. h3 Ne8 28. Qb8 Qc7 29. Qxc7 Nxc7 30. Kf1 g5 31. Ne2 f5 32. Ke1 Kf6 33. Kd2 Ke5 34. Kc3 Be6 35. g3 b5 36. Bxe6 Nxe6 37. h4 gxh4 38. gxh4 f4 39. Kd2 f3 40. Ng3 Nc7 41. Kc2 Nd5 42. Nh5 Nb6 43. Kc3 Nc8 44. Nf4 Nd6 45. h5 Nc4 46. Nh3 Kf5 47. Kd4 Nxa3 48. h6 Nc2+ 49. Kc3 Kg4 50. Nf4 Nxe3 51. Ng6 Nf5 52. Nf8 Kf4 53. Ne6+ Ke5 54. Ng5 Nxh6 0-1

[Event "BEL-chT 1314"]
[Site "Belgium"]
[Date "2013.09.22"]
[Round "1.1"]
[White "Van Kampen, Robin"]
[Black "Winants, Luc"]
[Result "1/2-1/2"]
[WhiteElo "2606"]
[BlackElo "2534"]
[PlyCount "48"]
[EventDate "2013.09.22"]
[EventType "team-tourn"]
[EventRounds "11"]
[EventCountry "BEL"]
[SourceTitle "CBM 156 Extra"]
[Source "ChessBase"]
[SourceDate "2013.10.22"]
[SourceVersion "1"]
[SourceVersionDate "2013.10.22"]
[SourceQuality "1"]
[WhiteTeam "Amay"]
[BlackTeam "Wirtzfeld"]
[WhiteTeamCountry "BEL"]
[BlackTeamCountry "BEL"]

1. e4 e5 2. Nf3 Nc6 3. Bb5 Nf6 4. 0-0 Bc5 5. c3 0-0 6. d3 d6 7. Re1 Ng4 8. Rf1 f5 9. Bg5 Qe8 10. exf5 Bxf5 11. h3 Nxf2 12. Rxf2 Bxf2+ 13. Kxf2 d5 14. Kg1 Qg6 15. Qd2 Bxh3 16. Bxc6 bxc6 17. Nxe5 Qf5 18. Qf4 Rae8 19. d4 Rxe5 20. dxe5 Qd3 21. Bf6 Qg6 22. Qh2 Bf5 23. Nd2 gxf6 24. Re1 fxe5 1/2-1/2

[Event "BEL-chT 1213"]
[Site "Belgium"]
[Date "2013.03.03"]
[Round "10.6"]
[White "Glek, Igor Vladimirovich"]
[Black "Winants, Luc"]
[Result "1-0"]
[WhiteElo "2420"]
[BlackElo "2543"]
[PlyCount "51"]
[EventDate "2012.09.23"]
[EventType "team-tourn"]
[EventRounds "11"]
[EventCountry "BEL"]
[SourceTitle "EXT 2014"]
[Source "ChessBase"]
[SourceDate "2013.11.20"]
[SourceVersion "1"]
[SourceVersionDate "2013.11.20"]
[SourceQuality "1"]
[WhiteTeam "Rochade"]
[BlackTeam "Wirtzfeld"]
[WhiteTeamCountry "BEL"]
[BlackTeamCountry "BEL"]

1. e4 e5 2. Nf3 Nc6 3. Nc3 Nf6 4. g3 d5 5. exd5 Nxd5 6. Bg2 Nxc3 7. bxc3 Bc5 8. 0-0 0-0 9. d3 Re8 10. Re1 Bg4 11. h3 Bh5 12. g4 Bg6 13. Ng5 Bb6 14. a4 Qd7 15. h4 h6 16. Ne4 f5 17. gxf5 Qxf5 18. Be3 Rf8 19. Ng3 Qf6 20. Qg4 Kh8 21. Kh2 Bf7 22. Ne4 Qe7 23. Bh3 Nd8 24. Rg1 Be6 25. Qh5 Bxh3 26. Bxh6 1-0

[Event "BEL-chT 1213"]
[Site "Belgium"]
[Date "2012.12.16"]
[Round "6.1"]
[White "Balduan, Markus"]
[Black "Winants, Luc"]
[Result "0-1"]
[WhiteElo "2288"]
[BlackElo "2543"]
[PlyCount "68"]
[EventDate "2012.09.23"]
[EventType "team-tourn"]
[EventRounds "11"]
[EventCountry "BEL"]
[SourceTitle "EXT 2014"]
[Source "ChessBase"]
[SourceDate "2013.11.20"]
[SourceVersion "1"]
[SourceVersionDate "2013.11.20"]
[SourceQuality "1"]
[WhiteTeam "Eynatten II"]
[BlackTeam "Wirtzfeld"]
[WhiteTeamCountry "BEL"]
[BlackTeamCountry "BEL"]

1. c4 e5 2. g3 Nc6 3. Bg2 f5 4. Nc3 Nf6 5. e3 d5 6. Nxd5 Nxd5 7. cxd5 Nb4 8. d3 Nxd5 9. Nf3 Bd6 10. e4 fxe4 11. Nxe5 Nf6 12. d4 Bxe5 13. dxe5 Qxd1+ 14. Kxd1 Ng4 15. Ke1 0-0 16. Bf4 Re8 17. Rc1 Nxe5 18. Bxe5 Rxe5 19. Rxc7 Bg4 20. Bf1 Rd8 21. Be2 Bf3 22. Rf1 b5 23. Rc3 b4 24. Rc2 Kf8 25. Rd2 Rc8 26. Rd4 Rc2 27. Rd2 Rec5 28. b3 g5 29. h3 Ke7 30. g4 h6 31. Bd1 Rc1 32. Rg1 R5c2 33. Rd4 Re2+ 34. Kf1 Rxa2 0-1

[Event "NED-chT 1213"]
[Site "Netherlands"]
[Date "2012.12.15"]
[Round "5.2"]
[White "Winants, Luc"]
[Black "Siebrecht, Sebastian"]
[Result "1/2-1/2"]
[WhiteElo "2543"]
[BlackElo "2482"]
[PlyCount "102"]
[EventDate "2012.09.15"]
[EventType "team-tourn"]
[EventRounds "9"]
[EventCountry "NED"]
[SourceTitle "EXT 2014"]
[Source "ChessBase"]
[SourceDate "2013.11.20"]
[SourceVersion "1"]
[SourceVersionDate "2013.11.20"]
[SourceQuality "1"]
[WhiteTeam "Rotterdam"]
[BlackTeam "Apeldoorn"]
[WhiteTeamCountry "NED"]
[BlackTeamCountry "NED"]

1. d4 Nf6 2. Nf3 g6 3. Nc3 c5 4. dxc5 Bg7 5. Rb1 0-0 6. e4 Na6 7. Bxa6 bxa6 8. 0-0 Bb7 9. Qd3 Qc7 10. Be3 Ng4 11. Nd5 Bxd5 12. exd5 Nxe3 13. Qxe3 Rfe8 14. b4 Rac8 15. c3 d6 16. c6 e6 17. Rfe1 Kf8 18. Qd3 exd5 19. Rxe8+ Kxe8 20. Qxa6 Qxc6 21. Qxa7 Qxc3 22. h4 Be5 23. Qa4+ Kf8 24. Nxe5 dxe5 25. b5 d4 26. b6 d3 27. b7 Rb8 28. Qd7 Kg7 29. Kh2 Qc5 30. Qxd3 Qxf2 31. Qg3 Qd4 32. a4 f6 33. a5 Qe4 34. Rb3 Rxb7 35. Rxb7+ Qxb7 36. Qa3 e4 37. a6 Qc7+ 38. Kg1 Qb6+ 39. Kf1 Qb1+ 40. Ke2 Qc2+ 41. Ke3 Qxg2 42. Qe7+ Kh6 43. Qxf6 Qc2 44. Qd6 Qb1 45. Qf4+ Kg7 46. Qc7+ Kh6 47. Qf4+ Kg7 48. Qxe4 Qe1+ 49. Kd3 Qb1+ 50. Ke3 Qe1+ 51. Kd3 Qb1+ 1/2-1/2

[Event "NED-chT 1213"]
[Site "Netherlands"]
[Date "2012.10.06"]
[Round "2.1"]
[White "Berelowitsch, Alexander"]
[Black "Winants, Luc"]
[Result "1/2-1/2"]
[WhiteElo "2565"]
[BlackElo "2543"]
[PlyCount "45"]
[EventDate "2012.09.15"]
[EventType "team-tourn"]
[EventRounds "9"]
[EventCountry "NED"]
[SourceTitle "CBM 150 Extra"]
[Source "ChessBase"]
[SourceDate "2012.10.19"]
[SourceVersion "1"]
[SourceVersionDate "2012.10.19"]
[SourceQuality "1"]
[WhiteTeam "BSG"]
[BlackTeam "Rotterdam"]
[WhiteTeamCountry "NED"]
[BlackTeamCountry "NED"]

1. e4 e5 2. Nf3 Nc6 3. Bb5 a6 4. Ba4 d6 5. 0-0 Bd7 6. d4 Nf6 7. c4 Be7 8. d5 Nb8 9. Nc3 0-0 10. c5 Bxa4 11. Qxa4 dxc5 12. Nxe5 Nbd7 13. Nxd7 Nxd7 14. Qc2 Bf6 15. Be3 Re8 16. f3 b6 17. Rad1 Qe7 18. Rfe1 Be5 19. Ne2 Bd6 20. Bf2 g6 21. b3 h5 22. Qd2 Kh7 23. Nc1 1/2-1/2

[Event "Olympiad-40"]
[Site "Istanbul"]
[Date "2012.09.07"]
[Round "10.2"]
[White "Winants, Luc"]
[Black "Fernandes, Antonio ETG"]
[Result "1-0"]
[WhiteElo "2543"]
[BlackElo "2395"]
[PlyCount "59"]
[EventDate "2012.08.28"]
[EventType "team-swiss"]
[EventRounds "11"]
[EventCountry "TUR"]
[SourceTitle "CBM 151"]
[Source "ChessBase"]
[SourceDate "2012.11.13"]
[SourceVersion "1"]
[SourceVersionDate "2012.11.13"]
[SourceQuality "1"]
[WhiteTeam "Belgium"]
[BlackTeam "Portugal"]
[WhiteTeamCountry "BEL"]
[BlackTeamCountry "POR"]

1. d4 d5 2. c4 c6 3. Nc3 Nf6 4. Nf3 dxc4 5. a4 Bg4 6. Ne5 Bf5 7. f3 e6 8. e4 Bg6 9. Bxc4 Nfd7 10. Nxg6 hxg6 11. Be3 a5 12. f4 Qh4+ 13. g3 Qh5 14. Be2 Qh3 15. Bf3 Na6 16. Qe2 Bb4 17. Kf2 Nf6 18. Rag1 0-0 19. e5 Nd5 20. Bg4 Qh6 21. Nxd5 exd5 22. h4 c5 23. Rc1 b6 24. Bf3 Rfd8 25. Rhd1 c4 26. Rh1 Be7 27. g4 Nb4 28. Kg3 f5 29. g5 Qh7 30. Qg2 1-0

[Event "Olympiad-40"]
[Site "Istanbul"]
[Date "2012.09.06"]
[Round "9.2"]
[White "Parligras, Mircea Emilian"]
[Black "Winants, Luc"]
[Result "1-0"]
[WhiteElo "2618"]
[BlackElo "2543"]
[PlyCount "87"]
[EventDate "2012.08.28"]
[EventType "team-swiss"]
[EventRounds "11"]
[EventCountry "TUR"]
[SourceTitle "CBM 151"]
[Source "ChessBase"]
[SourceDate "2012.11.13"]
[SourceVersion "1"]
[SourceVersionDate "2012.11.13"]
[SourceQuality "1"]
[WhiteTeam "Romania"]
[BlackTeam "Belgium"]
[WhiteTeamCountry "ROU"]
[BlackTeamCountry "BEL"]

1. d4 Nf6 2. c4 e6 3. Nc3 Bb4 4. Qc2 d5 5. a3 Bxc3+ 6. Qxc3 0-0 7. Nf3 dxc4 8. Qxc4 b6 9. Bg5 Ba6 10. Qa4 c5 11. dxc5 bxc5 12. Rc1 Qb6 13. Bxf6 gxf6 14. Rc2 Rd8 15. e3 Bxf1 16. Rxf1 Nd7 17. Ke2 Qb7 18. Rfc1 Rab8 19. Qg4+ Kf8 20. Kf1 Qb3 21. Qe4 Kg7 22. g3 Qb7 23. Qg4+ Kf8 24. e4 Rbc8 25. Qf4 Kg7 26. Kg1 Qb8 27. Qg4+ Kf8 28. Qh5 Kg7 29. Rd1 Ne5 30. Rxd8 Nxf3+ 31. Qxf3 Rxd8 32. Qg4+ Kf8 33. Qh5 f5 34. exf5 Qe5 35. Qh6+ Ke8 36. Qc1 Qxf5 37. Rxc5 Rd5 38. Rc8+ Ke7 39. Qc7+ Kf6 40. Qc3+ e5 41. Qc6+ Qe6 42. Qxe6+ Kxe6 43. Rc6+ Kf5 44. Rc7 1-0

[Event "Olympiad-40"]
[Site "Istanbul"]
[Date "2012.09.04"]
[Round "7.1"]
[White "Dervishi, Erald"]
[Black "Winants, Luc"]
[Result "1-0"]
[WhiteElo "2538"]
[BlackElo "2543"]
[PlyCount "139"]
[EventDate "2012.08.28"]
[EventType "team-swiss"]
[EventRounds "11"]
[EventCountry "TUR"]
[SourceTitle "CBM 151"]
[Source "ChessBase"]
[SourceDate "2012.11.13"]
[SourceVersion "1"]
[SourceVersionDate "2012.11.13"]
[SourceQuality "1"]
[WhiteTeam "Albania"]
[BlackTeam "Belgium"]
[WhiteTeamCountry "ALB"]
[BlackTeamCountry "BEL"]

1. e4 e5 2. Nf3 Nc6 3. Bb5 a6 4. Ba4 d6 5. 0-0 Nf6 6. Re1 Bd7 7. c3 g6 8. d4 b5 9. Bb3 Bg7 10. h3 0-0 11. Nbd2 Re8 12. a3 Qb8 13. Bc2 Qb6 14. Nf1 Na5 15. Bg5 exd4 16. cxd4 h6 17. Bd2 Rad8 18. Qc1 Kh7 19. Ng3 Nc4 20. Bf4 c5 21. b3 Na5 22. d5 c4 23. b4 Nb3 24. Bxb3 cxb3 25. Rb1 Rc8 26. Qd1 Rc4 27. Be3 Qc7 28. Bd4 b2 29. Rxb2 Nxe4 30. Nxe4 Rxe4 31. Rxe4 Rc1 32. Qxc1 Qxc1+ 33. Re1 Qc4 34. Rd2 Bf8 35. Re3 Qc8 36. Bf6 g5 37. Be7 Kg7 38. Bxf8+ Kxf8 39. Kh2 Qc4 40. Rd4 Qc2 41. Rd2 Qc4 42. Nd4 Qc7 43. Nc6 Qb6 44. Rc2 Bf5 45. Rc1 Kg7 46. Kg1 Bg6 47. Rcc3 Qb7 48. Ne7 Bh7 49. Rc6 Qa7 50. Rxd6 Qd4 51. Rd7 Qa1+ 52. Kh2 Qf6 53. Nc6 Bf5 54. Rd8 h5 55. Rf3 g4 56. hxg4 hxg4 57. Rf4 Qh4+ 58. Kg1 Qg5 59. g3 Qf6 60. Re8 Qa1+ 61. Kh2 Qb1 62. Re5 Bg6 63. d6 Qd3 64. Nd4 Qf1 65. d7 Qh3+ 66. Kg1 Bd3 67. Rg5+ Kh7 68. Rgxg4 Qf1+ 69. Kh2 Be4 70. Rxf7+ 1-0